000 02096nas a2200541 i 4500
001 196890
003 ES-MaACL
005 20250807013020.0
006 m g d |
007 cr*|||||||||||
008 250122c19559999sp ar ps 0 b0mul
010 _ac
_b1
022 0 _a2386-5571
_2_u
035 _a(OCoLC)1201151440
035 _a(SpMaBN)a5541468
035 _a991047518619708606
040 _aSpMaBN
_bspa
_cSpMaBN
_erdc
041 _beng
080 _a930.85(7/8)
080 _a94(460.41)
130 0 _aAnuario de estudios atlánticos (Internet)
_9239483
210 0 _aAnu. estud. atl.
_bInternet
222 0 _aAnuario de estudios atlánticos
_bInternet
245 1 0 _aAnuario de estudios atlánticos /
_cPatronato de la Casa de Colón
260 _aLas Palmas de Gran Canaria :
_bCabildo de Gran Canaria,
_c1955-
310 _aAnual
336 _aTexto (visual)
_2isbdcontent
337 _aelectrónico
_2isbdmedia
338 _2rdacarrier
_avolumen
362 0 _aVol. 1, n. 1 (1955)-
500 _aÚltima consulta, 22-1-2025
530 _aHasta 2013 disponible también en edición impresa
546 _aResúmenes en inglés
594 _aTítulo tomado de la pantalla principal de búsqueda (consultado el 22 de septiembre 2014)
650 4 _a
_9241647
651 7 _aAtlántico (Región)
_xCivilización
_2embne
_9239484
655 0 _aPáginas Web
_2tgfbne
_9226719
655 0 _aRevistas electrónicas
_2tgfbne
_9226718
710 1 _aGran Canaria.
_bCabildo Insular
_0(isni)0000000119428355
_92264
710 0 _aPatronato de la Casa de Colón
_96175
776 1 _tAnuario de estudios atlánticos
_x0570-4065
_w991028323319708606
776 1 _tAnuario de estudios atlánticos (CD-ROM)
_x2386-558X
_w991022792779708606
856 4 0 _uhttps://revistas.grancanaria.com/index.php/aea/issue/summaryJournal
_yAcceso electrónico
856 4 0 _uhttps://dialnet.unirioja.es/servlet/revista?codigo=5528
_zSumarios de la revista en Dialnet
942 _2udc
_n0
_cREV_E
999 _c196890
_d196890